000 00796nam a2200265Ia 4500
001 21929
005 20260320113326.0
008 260320s9999||||xx |||||||||||||| ||und||
020 _a9786123320294
041 _aESP
082 _a985.009
_bC36
100 _aCateriano Bellido, Pedro,
_eCOM
245 0 _aPeruanos ejemplares del siglo XX
_b
246 _a
_5
_b
250 _aPrimera edición
260 _aLima :
_bUniversidad Peruana de Ciencias Aplicadas,
_c2024
300 _a342 páginas :
_b
_c23 cm.
_e
440 _a
_n
_v
650 _aHIS
653 _aPeruanos - Biografía historica - Siglo XX
654 _aCHU
700 _a
_c
856 _uhttps://0u20jm1cc-y-https-www-jstor-org.itmsp.museknowledge.com/
_zVéase además: Base de datos JSTOR
942 _cLIB
_dJUS
_fMAT
_2ddc
_n
999 _c21929
_d21929